[Event "Csaba Árpád emlékverseny rapid"]
[Site "Ajka"]
[Date "2017.07.21"]
[Round "1.1"]
[White "Balog, Imre"]
[Black "Bartok, Zoltan"]
[Result "1-0"]
[WhiteElo "2537"]
[BlackElo "1968"]
[PlyCount "35"]
[EventDate "2017.07.21"]
[EventType "swiss (rapid)"]
[EventRounds "9"]
[EventCountry "HUN"]
[WhiteClock "0:20:06"]
[BlackClock "0:17:48"]

1. e4 d6 2. d4 Nf6 3. Nc3 g6 4. f3 Bg7 5. Be3 O-O 6. Qd2 Re8 7. Nge2 Nbd7 8. g4
e5 9. d5 a6 10. Ng3 b5 11. h4 Kf8 12. h5 Nb6 13. Bh6 Bxh6 14. Qxh6+ Ke7 15.
O-O-O Nbd7 16. g5 Nxh5 17. Rxh5 gxh5 18. Nf5# 1-0

[Event "Csaba Árpád emlékverseny rapid"]
[Site "Ajka"]
[Date "2017.07.21"]
[Round "1.2"]
[White "Ats, Laszlo Gyorgy"]
[Black "Aczel, Gergely"]
[Result "0-1"]
[WhiteElo "1959"]
[BlackElo "2533"]
[PlyCount "136"]
[EventDate "2017.07.21"]
[EventType "swiss (rapid)"]
[EventRounds "9"]
[EventCountry "HUN"]
[WhiteClock "0:10:22"]
[BlackClock "0:03:53"]

1. d4 Nf6 2. Nf3 e6 3. Bg5 h6 4. Bh4 c5 5. e3 Be7 6. c3 b6 7. Nbd2 Bb7 8. Bd3
Nc6 9. Rc1 Rc8 10. O-O O-O 11. Bb1 Nh5 12. Qc2 f5 13. Bg3 cxd4 14. exd4 b5 15.
h3 Nb4 16. Qd1 Nxg3 17. fxg3 Nd5 18. Qe2 Bd6 19. Ne5 Bxe5 20. Qxe5 Qg5 21. Nf3
Qe3+ 22. Qxe3 Nxe3 23. Rfe1 Nc4 24. Re2 Rc7 25. Ne5 Nxe5 26. Rxe5 Bd5 27. a3 a5
28. Bd3 Rb7 29. Kf2 Kf7 30. Rce1 g6 31. Be2 Rc8 32. Bf3 Bxf3 33. Kxf3 b4 34.
cxb4 axb4 35. a4 Rc2 36. R1e2 b3 37. d5 Rxe2 38. dxe6+ dxe6 39. Rxe2 Ra7 40.
Re3 Rxa4 41. Rxb3 Kf6 42. Rb6 h5 43. h4 Ra1 44. Ke3 Rg1 45. Kf2 Rc1 46. Kf3 Rc2
47. Rb8 Rd2 48. Rb6 Rd3+ 49. Kf2 Ke5 50. Rb5+ Ke4 51. Rb4+ Rd4 52. Rb6 e5 53.
Rxg6 Rd2+ 54. Kg1 Kd3 55. Rg5 e4 56. Rxf5 e3 57. Rxh5 Rd1+ 58. Kh2 Kd4 59. Rh8
e2 60. Rd8+ Kc5 61. Re8 e1=Q 62. Rxe1 Rxe1 63. h5 Kd6 64. g4 Ke5 65. Kg3 Kf6
66. Kh4 Rh1+ 67. Kg3 Kg5 68. Kf3 Rb1 0-1

[Event "Csaba Árpád emlékverseny rapid"]
[Site "Ajka"]
[Date "2017.07.21"]
[Round "1.3"]
[White "Ruck, Robert"]
[Black "Juhasz, Judit"]
[Result "1-0"]
[WhiteElo "2532"]
[BlackElo "1945"]
[PlyCount "93"]
[EventDate "2017.07.21"]
[EventType "swiss (rapid)"]
[EventRounds "9"]
[EventCountry "HUN"]
[WhiteClock "0:00:20"]
[BlackClock "0:00:49"]

1. Nf3 Nf6 2. c4 c5 3. Nc3 Nc6 4. g3 e5 5. Bg2 g6 6. O-O Bg7 7. e3 O-O 8. d4 d6
9. h3 Re8 10. d5 Na5 11. Qe2 a6 12. e4 h6 13. b3 Nh7 14. Bd2 b6 15. Rac1 f5 16.
Nh4 Qf6 17. exf5 gxf5 18. Qh5 Bd7 19. g4 Qf7 20. Qxf7+ Kxf7 21. Nxf5 Bxf5 22.
gxf5 Rad8 23. Ne4 Nb7 24. Kh2 b5 25. cxb5 axb5 26. b4 Bf8 27. Rb1 Nf6 28. Nc3
Ra8 29. bxc5 Nxc5 30. Rxb5 Ra3 31. Rfb1 Nfd7 32. Bf3 Kf6 33. Rg1 e4 34. Bh5 Re5
35. Rg6+ Ke7 36. Bg4 h5 37. f6+ Kf7 38. Bxd7 Kxg6 39. Bc6 Kxf6 40. Rb8 Bg7 41.
Rd8 Rf5 42. Kg2 Ke7 43. Re8+ Kf7 44. Nb5 Rxa2 45. Nxd6+ Kf6 46. Be3 Nd3 47.
Re6# 1-0

[Event "Csaba Árpád emlékverseny rapid"]
[Site "Ajka"]
[Date "2017.07.21"]
[Round "1.4"]
[White "Babocs, Gyula"]
[Black "Horvath, Csaba"]
[Result "0-1"]
[WhiteElo "1940"]
[BlackElo "2497"]
[PlyCount "82"]
[EventDate "2017.07.21"]
[EventType "swiss (rapid)"]
[EventRounds "9"]
[EventCountry "HUN"]
[WhiteClock "0:05:30"]
[BlackClock "0:01:54"]

1. e4 c5 2. c3 Nf6 3. e5 Nd5 4. d4 cxd4 5. Nf3 e6 6. Bc4 Nb6 7. Qxd4 Nc6 8. Qf4
Nxc4 9. Qxc4 d5 10. Qe2 Be7 11. O-O Bd7 12. Rd1 O-O 13. Nbd2 f6 14. Nf1 fxe5
15. Nxe5 Nxe5 16. Qxe5 Bf6 17. Qe2 Qe7 18. Ng3 Qf7 19. Be3 e5 20. Bc5 Rfe8 21.
Qh5 g6 22. Qf3 Bc6 23. Qe2 Bg7 24. a4 a6 25. b4 Rac8 26. b5 Bxb5 27. axb5 Rxc5
28. bxa6 bxa6 29. Rxa6 e4 30. Rda1 Bxc3 31. Ra7 Qf4 32. Rd1 Bg7 33. Qa2 Kh8 34.
Ra8 Rxa8 35. Qxa8+ Qf8 36. Qa2 Qg8 37. h3 Be5 38. Nf1 h5 39. Qa7 Qf8 40. Qb7
Rc2 41. Nd2 Bd4 0-1

[Event "Csaba Árpád emlékverseny rapid"]
[Site "Ajka"]
[Date "2017.07.21"]
[Round "1.5"]
[White "Bokros, Albert"]
[Black "Gaal, Zsoka"]
[Result "1-0"]
[WhiteElo "2486"]
[BlackElo "1882"]
[PlyCount "75"]
[EventDate "2017.07.21"]
[EventType "swiss (rapid)"]
[EventRounds "9"]
[EventCountry "HUN"]
[WhiteClock "0:04:30"]
[BlackClock "0:03:15"]

1. e4 c5 2. Nf3 Nc6 3. d4 cxd4 4. Nxd4 g6 5. Be2 Bg7 6. Nb3 Nf6 7. Nc3 O-O 8.
O-O d6 9. Re1 a6 10. Bf1 b5 11. a4 b4 12. Nd5 a5 13. Bb5 Bb7 14. Bg5 e6 15.
Nxf6+ Bxf6 16. Bxf6 Qxf6 17. Qxd6 Rac8 18. Nc5 Rfd8 19. Qg3 Ba8 20. e5 Qg7 21.
c3 bxc3 22. bxc3 Ne7 23. Nd7 Nf5 24. Qh3 Bc6 25. Nf6+ Kh8 26. c4 Nd4 27. Rab1
Bxb5 28. cxb5 Rc2 29. b6 Ne2+ 30. Kf1 Nc3 31. Rbc1 Rxc1 32. Rxc1 Nxa4 33. b7
Nb6 34. Qe3 Nd5 35. Nxd5 exd5 36. Qb6 Qf8 37. Qxd8 Qxd8 38. Rc8 1-0

[Event "Csaba Árpád emlékverseny rapid"]
[Site "Ajka"]
[Date "2017.07.21"]
[Round "1.6"]
[White "Veber, Richard"]
[Black "Nemeth, Miklos"]
[Result "0-1"]
[WhiteElo "1857"]
[BlackElo "2472"]
[PlyCount "54"]
[EventDate "2017.07.21"]
[EventType "swiss (rapid)"]
[EventRounds "9"]
[EventCountry "HUN"]
[WhiteClock "0:00:50"]
[BlackClock "0:10:39"]

1. e4 e5 2. Nf3 Nc6 3. Bc4 Bc5 4. d3 d6 5. h3 Be6 6. Bb3 Qd7 7. Be3 Nge7 8.
Bxc5 dxc5 9. Nc3 f6 10. Nb5 O-O-O 11. Qe2 Ng6 12. Bxe6 Qxe6 13. g3 h5 14. h4
Kb8 15. Na3 Nd4 16. Nxd4 cxd4 17. Nc4 Nf8 18. f4 exf4 19. gxf4 f5 20. e5 Qd5
21. Rh2 Ne6 22. Qf2 Rh6 23. O-O-O Rg6 24. Rg1 Rxg1+ 25. Qxg1 b5 26. Nd2 Nxf4
27. Qxg7 Rg8 0-1

[Event "Csaba Árpád emlékverseny rapid"]
[Site "Ajka"]
[Date "2017.07.21"]
[Round "1.7"]
[White "Varga, Zoltan"]
[Black "Bauer, Attila"]
[Result "1-0"]
[WhiteElo "2441"]
[BlackElo "1848"]
[PlyCount "77"]
[EventDate "2017.07.21"]
[EventType "swiss (rapid)"]
[EventRounds "9"]
[EventCountry "HUN"]
[WhiteClock "0:11:32"]
[BlackClock "0:00:47"]

1. e4 e6 2. Qe2 Qe7 3. b3 d5 4. e5 c5 5. g3 Qc7 6. Bg2 Nc6 7. f4 Nh6 8. Nf3 Nf5
9. c3 Bd7 10. O-O g6 11. Qf2 h5 12. Bb2 Be7 13. d4 cxd4 14. cxd4 O-O 15. h3 Kg7
16. g4 hxg4 17. hxg4 Nh6 18. Qg3 Rh8 19. Nc3 Qb6 20. Na4 Qb4 21. Rfc1 b6 22.
Bc3 Qa3 23. Ne1 Bf8 24. Nd3 Qe7 25. Nab2 Bc8 26. Nd1 Ba6 27. N3f2 Qd7 28. Ne3
Ba3 29. Rd1 Rac8 30. f5 Be2 31. f6+ Kg8 32. Rd2 Ba6 33. Nc2 Bf8 34. Rad1 Qc7
35. Bb2 Bb4 36. Nxb4 Nxb4 37. Ba3 Nc6 38. Qe3 Qd7 39. Bf3 1-0

[Event "Csaba Árpád emlékverseny rapid"]
[Site "Ajka"]
[Date "2017.07.21"]
[Round "1.8"]
[White "Erseki, Aron"]
[Black "Juhasz, Armin"]
[Result "0-1"]
[WhiteElo "1779"]
[BlackElo "2388"]
[PlyCount "56"]
[EventDate "2017.07.21"]
[EventType "swiss (rapid)"]
[EventRounds "9"]
[EventCountry "HUN"]
[WhiteClock "0:00:50"]
[BlackClock "0:05:48"]

1. e4 c6 2. d4 d5 3. exd5 cxd5 4. c4 Nf6 5. Nc3 Nc6 6. Nge2 dxc4 7. d5 Ne5 8.
Nf4 g6 9. Bxc4 Nxc4 10. Qa4+ Bd7 11. Qxc4 Bg7 12. O-O O-O 13. Ne4 Ng4 14. h3
Ne5 15. Qb3 b6 16. Be3 Bf5 17. f3 Qd7 18. Rac1 Rac8 19. g4 Nxf3+ 20. Rxf3 Bxe4
21. Rff1 Rxc1 22. Rxc1 Rc8 23. Rc4 Bb1 24. Bd4 Bxd4+ 25. Rxd4 Qd6 26. Ne2 Qe5
27. Rd2 Rc1+ 28. Nxc1 Qe1+ 0-1

[Event "Csaba Árpád emlékverseny rapid"]
[Site "Ajka"]
[Date "2017.07.21"]
[Round "2.1"]
[White "Szelenyi, Norbert"]
[Black "Balog, Imre"]
[Result "0-1"]
[WhiteElo "2302"]
[BlackElo "2537"]
[PlyCount "96"]
[EventDate "2017.07.21"]
[EventType "swiss (rapid)"]
[EventRounds "9"]
[EventCountry "HUN"]
[WhiteClock "0:00:42"]
[BlackClock "0:16:38"]

1. Nf3 d5 2. c4 d4 3. a3 a5 4. d3 Nc6 5. e4 e5 6. Be2 Be7 7. O-O Nf6 8. Ne1 Nd7
9. g3 Nc5 10. Nd2 O-O 11. Bg4 a4 12. Bxc8 Qxc8 13. Qe2 Ra6 14. Nc2 Qh3 15. Nb4
Raa8 16. Nxc6 bxc6 17. Nf3 Bd6 18. Ng5 Qd7 19. f4 f6 20. Nf3 Nb3 21. Rb1 Nxc1
22. Rbxc1 exf4 23. gxf4 Bxf4 24. Rc2 Rae8 25. Nh4 Bg5 26. Nf5 g6 27. Ng3 f5 28.
Qg2 Be3+ 29. Kh1 f4 30. Nf5 Kh8 31. Nh4 Re5 32. Nf3 Rh5 33. b3 g5 34. Ne5 Qe6
35. Ng4 axb3 36. Rb2 Rh4 37. Nxe3 dxe3 38. Qxg5 Rg4 39. Qc5 Qd6 40. Qh5 Qg6 41.
Qe5+ Qf6 42. Qxf6+ Rxf6 43. Re2 b2 44. e5 Rfg6 45. e6 Rg1+ 46. Rxg1 Rxg1+ 47.
Kxg1 b1=Q+ 48. Kg2 Qd1 0-1

[Event "Csaba Árpád emlékverseny rapid"]
[Site "Ajka"]
[Date "2017.07.21"]
[Round "2.2"]
[White "Aczel, Gergely"]
[Black "Kozma, Karoly"]
[Result "1-0"]
[WhiteElo "2533"]
[BlackElo "2286"]
[PlyCount "73"]
[EventDate "2017.07.21"]
[EventType "swiss (rapid)"]
[EventRounds "9"]
[EventCountry "HUN"]
[WhiteClock "0:05:37"]
[BlackClock "0:00:44"]

1. d4 Nf6 2. c4 g6 3. f3 Bg7 4. e4 d6 5. Nc3 O-O 6. Be3 a6 7. Qd2 Nc6 8. Nge2
Rb8 9. Rc1 Bd7 10. b3 b5 11. cxb5 axb5 12. d5 Na5 13. Nd4 Qe8 14. Ncxb5 Nxb3
15. axb3 Bxb5 16. Bxb5 Rxb5 17. Nxb5 Qxb5 18. Rxc7 Ra8 19. Kf2 Qxb3 20. Rhc1 h5
21. Rc8+ Rxc8 22. Rxc8+ Kh7 23. Rc7 Bf8 24. Qc2 Qb5 25. Bd4 Nd7 26. Qc4 Qxc4
27. Rxc4 Ne5 28. Bxe5 dxe5 29. Rc7 Kg8 30. Ke2 Kg7 31. Kd3 Kg8 32. Kc4 Kg7 33.
Kb5 Kg8 34. Kc6 f6 35. Kd7 Kf7 36. Kd8 f5 37. d6 1-0

[Event "Csaba Árpád emlékverseny rapid"]
[Site "Ajka"]
[Date "2017.07.21"]
[Round "2.3"]
[White "Vass, Viktor"]
[Black "Ruck, Robert"]
[Result "0-1"]
[WhiteElo "2274"]
[BlackElo "2532"]
[PlyCount "60"]
[EventDate "2017.07.21"]
[EventType "swiss (rapid)"]
[EventRounds "9"]
[EventCountry "HUN"]
[WhiteClock "0:00:21"]
[BlackClock "0:01:49"]

1. e4 c6 2. d4 d5 3. Nc3 dxe4 4. Nxe4 Bf5 5. Ng3 Bg6 6. Nf3 Nd7 7. a4 e6 8. Bc4
Ngf6 9. O-O Bd6 10. Qe2 Qc7 11. Nh4 Bf4 12. Nxg6 hxg6 13. Re1 Kf8 14. Qf3 Bxc1
15. Raxc1 Rd8 16. h3 Nb6 17. Bb3 Rxd4 18. c3 Rd8 19. Ne4 Nbd7 20. Ng5 Nc5 21.
Bc2 Rh5 22. Qe3 Rd5 23. f4 Qd6 24. b4 Nd3 25. Bxd3 Rxd3 26. Qe2 Rh4 27. Nf3
Rxf4 28. Rcd1 Rd5 29. Nd4 Re4 30. Qf2 e5 0-1

[Event "Csaba Árpád emlékverseny rapid"]
[Site "Ajka"]
[Date "2017.07.21"]
[Round "2.4"]
[White "Horvath, Csaba"]
[Black "Szabo, Balazs"]
[Result "1-0"]
[WhiteElo "2497"]
[BlackElo "2254"]
[PlyCount "39"]
[EventDate "2017.07.21"]
[EventType "swiss (rapid)"]
[EventRounds "9"]
[EventCountry "HUN"]
[WhiteClock "0:04:55"]
[BlackClock "0:05:58"]

1. d4 Nf6 2. c4 b6 3. f3 c5 4. d5 e6 5. e4 Bd6 6. Bd3 Nh5 7. g3 exd5 8. cxd5
O-O 9. f4 Nxf4 10. gxf4 Qh4+ 11. Kf1 c4 12. Bc2 Bxf4 13. Nf3 Qh3+ 14. Kf2 f5
15. e5 Bxc1 16. Qxc1 Bb7 17. Nc3 Na6 18. Rg1 Nc5 19. Qg5 g6 20. Rg3 1-0

[Event "Csaba Árpád emlékverseny rapid"]
[Site "Ajka"]
[Date "2017.07.21"]
[Round "2.5"]
[White "Margl, Roland"]
[Black "Bokros, Albert"]
[Result "0-1"]
[WhiteElo "2222"]
[BlackElo "2486"]
[PlyCount "178"]
[EventDate "2017.07.21"]
[EventType "swiss (rapid)"]
[EventRounds "9"]
[EventCountry "HUN"]
[WhiteClock "0:00:28"]
[BlackClock "0:00:46"]

1. d4 e6 2. Nf3 c5 3. c4 cxd4 4. Nxd4 a6 5. Nc3 Qc7 6. e4 Nf6 7. Be2 b6 8. a3
Bb7 9. f3 Be7 10. Be3 O-O 11. O-O d6 12. Rc1 Nbd7 13. Qd2 Rac8 14. b4 Rfe8 15.
Rfd1 Qb8 16. Nb3 h6 17. Kh1 Red8 18. Qe1 Re8 19. Qd2 Qc7 20. Bf1 Rb8 21. Qf2
Ba8 22. Qg3 Kh8 23. Qf2 Ne5 24. Na4 Nfd7 25. h3 Ng6 26. Nb2 Bf6 27. Bd4 Bh4 28.
Qd2 Kh7 29. Bf2 Be7 30. Nd3 Bc6 31. Nd4 Bb7 32. Bg3 e5 33. Nf5 Bg5 34. f4 exf4
35. Nxf4 Nf6 36. Bd3 Nxe4 37. Bxe4 Rxe4 38. Rf1 Rd8 39. h4 Bxf4 40. Bxf4 Nxf4
41. Rxf4 d5 42. Rxe4 dxe4 43. Qf2 Qe5 44. c5 bxc5 45. bxc5 Bc6 46. Nd6 Rd7 47.
Nxf7 Qh5 48. Nd6 Re7 49. Re1 Re5 50. Re3 Qg6 51. Qc2 Qg4 52. Qf2 Rxc5 53. Kh2
Rh5 54. g3 Re5 55. Rc3 Bd5 56. Qe3 Re6 57. Nc4 Rf6 58. Nd2 Qf5 59. Kg2 Be6 60.
Kg1 Bd5 61. Rc5 Qe6 62. Rc3 Rf8 63. Qd4 Re8 64. Re3 Kh8 65. a4 Qf5 66. Rc3 Bb7
67. Rc7 Qg6 68. Qe3 Bc6 69. a5 Bb5 70. Rc5 Bd3 71. Rd5 Qe6 72. Rc5 Qg4 73. Rd5
Rb8 74. Rd4 Qd1+ 75. Kh2 Qc2 76. Kh3 Qc8+ 77. g4 Qc1 78. Qf4 Qh1+ 79. Kg3 Qg1+
80. Kh3 Re8 81. Rd7 Qc5 82. Rc7 Qd4 83. g5 hxg5 84. hxg5 Qd5 85. Kh2 Kg8 86. g6
Rf8 87. Qh4 Qd6+ 88. Kg1 Qxg6+ 89. Kh1 e3 0-1

[Event "Csaba Árpád emlékverseny rapid"]
[Site "Ajka"]
[Date "2017.07.21"]
[Round "2.6"]
[White "Nemeth, Miklos"]
[Black "Hardicsay, Peter"]
[Result "1-0"]
[WhiteElo "2472"]
[BlackElo "2217"]
[PlyCount "69"]
[EventDate "2017.07.21"]
[EventType "swiss (rapid)"]
[EventRounds "9"]
[EventCountry "HUN"]
[WhiteClock "0:07:02"]
[BlackClock "0:00:18"]

1. e4 c5 2. Nf3 e6 3. d4 cxd4 4. Nxd4 Nf6 5. Nc3 Nc6 6. Be2 d6 7. Be3 Be7 8.
O-O O-O 9. f4 Bd7 10. Qe1 Rc8 11. Qg3 Qc7 12. Rae1 a6 13. Kh1 Kh8 14. a3 b5 15.
Nxc6 Bxc6 16. Bd4 Ne8 17. Bd3 Qb7 18. Qh3 Kg8 19. e5 g6 20. Ne4 Bxe4 21. Rxe4
d5 22. Re3 Ng7 23. Qh6 f5 24. Rh3 Kf7 25. g4 Rc4 26. gxf5 exf5 27. e6+ Nxe6 28.
Qxh7+ Ke8 29. Qxg6+ Kd7 30. Re1 Qc6 31. Rhe3 Rf6 32. Bxf6 d4+ 33. Kg1 dxe3 34.
Qf7 Qd6 35. Bxe7 1-0

[Event "Csaba Árpád emlékverseny rapid"]
[Site "Ajka"]
[Date "2017.07.21"]
[Round "2.7"]
[White "Szalanczy, Emil"]
[Black "Varga, Zoltan"]
[Result "1/2-1/2"]
[WhiteElo "2188"]
[BlackElo "2441"]
[PlyCount "47"]
[EventDate "2017.07.21"]
[EventType "swiss (rapid)"]
[EventRounds "9"]
[EventCountry "HUN"]
[WhiteClock "0:08:41"]
[BlackClock "0:14:22"]

1. e4 Nf6 2. e5 Nd5 3. d4 d6 4. Nf3 c6 5. c4 Nc7 6. Nc3 Bg4 7. exd6 exd6 8. h3
Bh5 9. Be2 Be7 10. O-O d5 11. Ne5 Bxe2 12. Qxe2 O-O 13. Bf4 f6 14. Nf3 Bd6 15.
Bxd6 Qxd6 16. c5 Qd7 17. Rfe1 Nba6 18. a3 Rae8 19. Qc2 Ne6 20. Re3 Nf4 21. Rae1
Rxe3 22. fxe3 Ne6 23. Qb3 Rf7 24. e4 1/2-1/2

[Event "Csaba Árpád emlékverseny rapid"]
[Site "Ajka"]
[Date "2017.07.21"]
[Round "2.8"]
[White "Juhasz, Armin"]
[Black "Buzas, Bertalan"]
[Result "1/2-1/2"]
[WhiteElo "2388"]
[BlackElo "2171"]
[PlyCount "70"]
[EventDate "2017.07.21"]
[EventType "swiss (rapid)"]
[EventRounds "9"]
[EventCountry "HUN"]
[WhiteClock "0:05:32"]
[BlackClock "0:09:06"]

1. d4 Nf6 2. c4 e6 3. Nc3 Bb4 4. Qc2 d5 5. a3 Bxc3+ 6. Qxc3 Ne4 7. Qc2 c6 8.
Nf3 O-O 9. Bf4 Nd7 10. h3 f5 11. Ne5 Nxe5 12. Bxe5 f4 13. Qd3 Qh4 14. Qf3 Bd7
15. e3 fxe3 16. Qxe3 Qxf2+ 17. Qxf2 Rxf2 18. Bd3 Raf8 19. O-O-O Rxg2 20. Bxe4
dxe4 21. Rhg1 Rff2 22. Rxg2 Rxg2 23. Rd2 Rg1+ 24. Rd1 Rg2 25. Rd2 Rg1+ 26. Rd1
Rxd1+ 27. Kxd1 g5 28. Ke2 Be8 29. Ke3 Bg6 30. Bf6 h6 31. h4 g4 32. Kf4 Kf7 33.
Be5 Bf5 34. h5 b5 35. b3 bxc4 1/2-1/2

[Event "Csaba Árpád emlékverseny rapid"]
[Site "Ajka"]
[Date "2017.07.22"]
[Round "3.1"]
[White "Balog, Imre"]
[Black "Nemeth, Miklos"]
[Result "1-0"]
[WhiteElo "2537"]
[BlackElo "2472"]
[PlyCount "63"]
[EventDate "2017.07.21"]
[EventType "swiss (rapid)"]
[EventRounds "9"]
[EventCountry "HUN"]
[WhiteClock "0:16:19"]
[BlackClock "0:05:31"]

1. d4 Nf6 2. Bg5 c5 3. d5 d6 4. Nc3 Nbd7 5. e4 g6 6. Nf3 Bg7 7. Be2 a6 8. a4 b6
9. h3 O-O 10. O-O Bb7 11. Re1 Qc7 12. Bc4 h6 13. Bf4 Nh5 14. Bh2 Ne5 15. Be2
Nxf3+ 16. Bxf3 Nf6 17. e5 dxe5 18. Rxe5 Qd7 19. Qe2 Rfe8 20. Re1 Rad8 21. Qc4
Kf8 22. a5 Qc8 23. axb6 Nd7 24. R5e2 Nxb6 25. Qb3 Bxc3 26. bxc3 Nxd5 27. c4 Nb4
28. Bxb7 Qxb7 29. c3 Rd7 30. cxb4 Qxb4 31. Qa2 a5 32. Bf4 1-0

[Event "Csaba Árpád emlékverseny rapid"]
[Site "Ajka"]
[Date "2017.07.22"]
[Round "3.2"]
[White "Szeberenyi, Adam"]
[Black "Aczel, Gergely"]
[Result "0-1"]
[WhiteElo "2378"]
[BlackElo "2533"]
[PlyCount "108"]
[EventDate "2017.07.21"]
[EventType "swiss (rapid)"]
[EventRounds "9"]
[EventCountry "HUN"]
[WhiteClock "0:01:00"]
[BlackClock "0:02:58"]

1. d4 Nf6 2. Nf3 e6 3. c4 Bb4+ 4. Bd2 a5 5. Nc3 b6 6. g3 Ba6 7. Qb3 O-O 8. Bg2
d5 9. cxd5 exd5 10. Ne5 Nbd7 11. O-O Qe8 12. Nxd5 Nxd5 13. Qxd5 Nxe5 14. Bxb4
Rd8 15. Qxe5 Qxe5 16. dxe5 axb4 17. Rfc1 c5 18. Rc2 Rfe8 19. f4 f6 20. exf6
Rxe2 21. Rxe2 Bxe2 22. fxg7 Kxg7 23. b3 Rd2 24. a3 c4 25. bxc4 b3 26. Be4 b2
27. Rb1 Bxc4 28. Re1 Bb3 29. Bb1 Kf6 30. g4 h6 31. h4 Bc2 32. Ba2 Rd1 33. Rxd1
Bxd1 34. g5+ hxg5 35. fxg5+ Ke5 36. Bb1 Bg4 37. g6 Kf6 38. Kf2 Bh5 39. Ke3 Bxg6
40. Ba2 b1=Q 41. Bxb1 Bxb1 42. Kd4 Bc2 43. Kc4 Ba4 44. Kb4 b5 45. Kc3 Kg6 46.
Kb4 Kh5 47. Kc3 Kxh4 48. Kd4 Kg3 49. Ke3 Bb3 50. Ke4 Kf2 51. Kd3 Ke1 52. Ke3
Kd1 53. Kd3 Ba4 54. Kc3 Kc1 0-1

[Event "Csaba Árpád emlékverseny rapid"]
[Site "Ajka"]
[Date "2017.07.22"]
[Round "3.3"]
[White "Ruck, Robert"]
[Black "Jakab, Attila"]
[Result "1-0"]
[WhiteElo "2532"]
[BlackElo "2357"]
[PlyCount "87"]
[EventDate "2017.07.21"]
[EventType "swiss (rapid)"]
[EventRounds "9"]
[EventCountry "HUN"]
[WhiteClock "0:00:34"]
[BlackClock "0:00:12"]

1. Nf3 d5 2. d4 Nf6 3. c4 e6 4. Nc3 c6 5. Bg5 Nbd7 6. e3 Be7 7. Qc2 O-O 8. Rd1
Re8 9. Bd3 dxc4 10. Bxc4 Nd5 11. Bxe7 Qxe7 12. O-O Nxc3 13. bxc3 b6 14. e4 Bb7
15. a4 c5 16. d5 exd5 17. exd5 Ne5 18. Be2 Rad8 19. c4 Ba6 20. Nxe5 Qxe5 21.
Bd3 g6 22. Qd2 Qd4 23. Qc2 Kf8 24. h3 h5 25. Rfe1 Rxe1+ 26. Rxe1 Re8 27. Rd1
Qf4 28. Bf1 h4 29. a5 Kg8 30. axb6 axb6 31. Qa4 Ra8 32. Qc6 Qb8 33. Rb1 Bc8 34.
Rxb6 Qa7 35. Qe8+ Kg7 36. Qe5+ Kg8 37. Rc6 Bf5 38. d6 Qa1 39. Rxc5 Qc1 40. Rd5
Be6 41. Rd4 Ra1 42. Qe2 Qc3 43. Rd1 Bxc4 44. d7 1-0

[Event "Csaba Árpád emlékverseny rapid"]
[Site "Ajka"]
[Date "2017.07.22"]
[Round "3.4"]
[White "Csonka, Attila Istvan"]
[Black "Horvath, Csaba"]
[Result "1-0"]
[WhiteElo "2349"]
[BlackElo "2497"]
[PlyCount "43"]
[EventDate "2017.07.21"]
[EventType "swiss (rapid)"]
[EventRounds "9"]
[EventCountry "HUN"]
[WhiteClock "0:14:04"]
[BlackClock "0:07:23"]

1. e4 c5 2. Nf3 e6 3. d4 cxd4 4. Nxd4 a6 5. Bd3 Bc5 6. Nb3 Be7 7. O-O d6 8. Qe2
Nc6 9. Nc3 Nf6 10. Bd2 O-O 11. f4 Qc7 12. Rae1 Nd7 13. Nd5 exd5 14. exd5 Re8
15. dxc6 bxc6 16. Bc3 Bb7 17. Rf3 Nf8 18. Re3 Ne6 19. Rxe6 fxe6 20. Qxe6+ Kh8
21. Qf5 Qb6+ 22. Kh1 1-0

[Event "Csaba Árpád emlékverseny rapid"]
[Site "Ajka"]
[Date "2017.07.22"]
[Round "3.5"]
[White "Bokros, Albert"]
[Black "Dankhazi, Andras"]
[Result "1-0"]
[WhiteElo "2486"]
[BlackElo "2325"]
[PlyCount "83"]
[EventDate "2017.07.21"]
[EventType "swiss (rapid)"]
[EventRounds "9"]
[EventCountry "HUN"]
[WhiteClock "0:03:37"]
[BlackClock "0:00:22"]

1. e4 e5 2. Nf3 Nc6 3. Bb5 a6 4. Ba4 Nf6 5. O-O Be7 6. d4 exd4 7. Re1 b5 8. Bb3
d6 9. Bd5 Nxd5 10. exd5 Ne5 11. Nxd4 O-O 12. a4 Bd7 13. Nc3 b4 14. Ne4 c5 15.
dxc6 Nxc6 16. Be3 d5 17. Ng3 Bd6 18. Nxc6 Bxc6 19. Nf5 Qf6 20. Qh5 Bd7 21. Nxd6
Qxd6 22. Rad1 Be6 23. Bd4 f6 24. c3 bxc3 25. Bxc3 Bf7 26. Qg4 Rfe8 27. h3 Qc6
28. a5 Rxe1+ 29. Rxe1 Re8 30. Rd1 Re4 31. Qf3 Qb5 32. Qg3 Qc6 33. f3 Re8 34.
Rd4 h5 35. Rb4 Qc5+ 36. Kh2 Re6 37. Rb8+ Kh7 38. Rb7 Bg6 39. Qf4 Kg8 40. Bd4
Qf8 41. b4 Be8 42. Bc5 1-0

[Event "Csaba Árpád emlékverseny rapid"]
[Site "Ajka"]
[Date "2017.07.22"]
[Round "3.7"]
[White "Szitas, Gabor"]
[Black "Juhasz, Armin"]
[Result "1-0"]
[WhiteElo "2061"]
[BlackElo "2388"]
[PlyCount "47"]
[EventDate "2017.07.21"]
[EventType "swiss (rapid)"]
[EventRounds "9"]
[EventCountry "HUN"]
[WhiteClock "0:05:30"]
[BlackClock "0:05:22"]

1. e4 c6 2. d4 d5 3. exd5 cxd5 4. c4 Nf6 5. Nc3 Nc6 6. Nf3 Bg4 7. cxd5 Nxd5 8.
Qb3 Bxf3 9. gxf3 e6 10. Qxb7 Nxd4 11. Bb5+ Nxb5 12. Qc6+ Ke7 13. Qc5+ Nd6 14.
Nxd5+ exd5 15. Qxd5 Rb8 16. Bf4 Ke8 17. O-O-O Rb5 18. Rhe1+ Be7 19. Qc6+ Qd7
20. Rxe7+ Kxe7 21. Bxd6+ Ke8 22. Re1+ Kd8 23. Be7+ Qxe7 24. Rd1+ 1-0

[Event "Csaba Árpád emlékverseny rapid"]
[Site "Ajka"]
[Date "2017.07.22"]
[Round "3.8"]
[White "Palla, Gyorgy"]
[Black "Martini, Balazs"]
[Result "1-0"]
[WhiteElo "1973"]
[BlackElo "2347"]
[PlyCount "105"]
[EventDate "2017.07.21"]
[EventType "swiss (rapid)"]
[EventRounds "9"]
[EventCountry "HUN"]
[WhiteClock "0:03:52"]
[BlackClock "0:00:27"]

1. Nf3 d5 2. g3 Nf6 3. Bg2 c6 4. O-O Bf5 5. d3 e6 6. Nbd2 Be7 7. c4 O-O 8. a3
a5 9. Qc2 h6 10. Rb1 Na6 11. b3 Bh7 12. Bb2 Bd6 13. Rbd1 Qe7 14. Qc1 b5 15. Qa1
bxc4 16. dxc4 Rab8 17. Ne5 Rfc8 18. Rc1 Nc5 19. Qa2 Qb7 20. cxd5 cxd5 21. Nec4
Be7 22. Nxa5 Qb5 23. b4 Na4 24. Be5 Ra8 25. Ndb3 Nd7 26. Ba1 Ndb6 27. Nd4 Qd7
28. Ndc6 Bf8 29. Ne5 Qb5 30. Qd2 f6 31. Nec6 Nc4 32. Nxc4 Rxc6 33. Ne3 Nb6 34.
Rxc6 Qxc6 35. Rc1 Qd7 36. Qd4 Rb8 37. Qg4 Kh8 38. Bh3 Re8 39. Qh4 Rc8 40. Rd1
Qf7 41. Qd4 Rb8 42. Qg4 Re8 43. Qd4 Nd7 44. Qa7 Re7 45. Qa8 Ne5 46. Bxe5 fxe5
47. Qc6 h5 48. b5 Qf6 49. b6 Rf7 50. Rf1 d4 51. Nc4 Qd8 52. Qxe6 Re7 53. Qc8
1-0

[Event "Csaba Árpád emlékverseny rapid"]
[Site "Ajka"]
[Date "2017.07.22"]
[Round "4.1"]
[White "Bokros, Albert"]
[Black "Balog, Imre"]
[Result "1/2-1/2"]
[WhiteElo "2486"]
[BlackElo "2537"]
[PlyCount "91"]
[EventDate "2017.07.21"]
[EventType "swiss (rapid)"]
[EventRounds "9"]
[EventCountry "HUN"]
[WhiteClock "0:04:18"]
[BlackClock "0:05:36"]

1. e4 e6 2. d4 d5 3. Bd3 dxe4 4. Bxe4 c5 5. Ne2 Nf6 6. Bf3 Nc6 7. Be3 Nd5 8.
Bc1 cxd4 9. Nxd4 Ndb4 10. Nxc6 Qxd1+ 11. Bxd1 Nxc6 12. c3 Bd7 13. O-O O-O-O 14.
Be3 Ne5 15. Be2 a6 16. Bb6 Re8 17. Nd2 Bc6 18. Rad1 Bd5 19. b3 Be7 20. c4 Bc6
21. f4 Nd7 22. Be3 Rd8 23. Bf3 Nb8 24. Bxc6 Nxc6 25. Nf3 Kc7 26. Kf2 Nb4 27. a4
Nc6 28. Ke2 Bf6 29. Rxd8 Rxd8 30. Rd1 Na5 31. Rxd8 Bxd8 32. Nd2 Be7 33. Kd3 f6
34. Kc2 h6 35. Nf3 g5 36. Nd4 Kd7 37. f5 e5 38. Ne2 h5 39. Ng3 h4 40. Ne4 Nc6
41. g4 hxg3 42. hxg3 Nd8 43. g4 Nf7 44. Kd3 Nh6 45. Nf2 Kc6 46. Ke4 1/2-1/2